000 00728nam a2200253 i 4500
001 C2-0288380
003 PPAK
005 20180728021512.0
008 080512s2003 nyua|||| ||||| | eng d
020 _a078683420X
040 _aPPAK
_beng
_cPPAK
_erda
082 0 4 _a398.2
_223
090 0 0 _a398.2
_bHAP
_dRLCK
100 1 _aHapka, Catherine,
_eauthor
245 1 0 _aFamily story collection 2 :
_b75 more fables for living, loving and learning
250 _afirst edition
264 1 _aNew York :
_bDisney Press ,
_c2003
300 _a320 pages :
_bcolour illustrations ;
_c26 cm
336 _2rdacontent
_atext
337 _2rdamedia
_aunmediated
338 _2rdacarrier
_avolume
650 1 0 _aTales.
942 _ddc
_cB
999 _c94007
_d94007